| 000 | 00559nam a22001817a 4500 | ||
|---|---|---|---|
| 005 | 20231124070223.0 | ||
| 008 | 231124b |||||||| |||| 00| 0 eng d | ||
| 020 | _a0702135321 | ||
| 041 | _aEnglish | ||
| 082 | _a341 DOC | ||
| 100 | _lEnglish | ||
| 245 |
_aDocuments on International Law / _cedited by PM Mtshaulana, J Dugard and N Botha |
||
| 250 | _aFirst Edition | ||
| 260 |
_aCape Town : _bJuta and Company Ltd, _c1995 |
||
| 300 |
_bxiii, 325 pages ; _c25,5 cm. |
||
| 650 |
_aLegal practice _bLaw |
||
| 942 |
_cBK _6ALISON_BN_VRIES |
||
| 999 |
_c924 _d924 |
||